02334cam a22002654a 4500020001500000040000800015082002600023110001600049245003800065260004700103300003100150490003300181520149900214650001601713650001701729650004201746650004601788650002401834650003801858650003801896650002501934650003201959710001601991856006102007 a0821354221 cDLC a330 WOR 2003 A076 Or.2 aWorld Bank.10aWorld Development Indicators 2003 aWashington, D.C. :bThe World Bank,c2003. a1 online resource (416 p.)1 aWorld Development Indicators3 aWorld Development Indicators (WDI) is the World Bank's premier annual compilation of data about development. The 400-page print edition allows users to consult 600 indicators for 152 economies and 14 country groups in more than 87 tables. A current overview of the most recent data available as well as important regional data and income group analysis are presented in six thematic chapters: World View, People, Environment, Economy, States and Markets, and Global Links. Sample indicator topics include: Population & demographics Poverty & income distribution Energy Production & Use Urbanization Emissions Adjusted Savings Purchasing Power Parity Exports & Imports Balance of Payments External Debt Tax and Trade Policies Military Expenditures Transportation Development Assistance & Aid Information Technology Education & health Travel & Tourism GDP, GNI, etc. Reliable quantitative data is essential for understanding economic and social development because it provides evidence-evidence to set policies, monitor progress, and evaluate results. World Development Indicators allows users to monitor progress toward the Millennium Development Goals. These goals, agreed to by all member states of the United Nations, establish specific, measurable targets for development in the early 21st century. In addition to the most recent data presented in the print edition, complete time-series data from 1960 onwards are available in the CD-ROM and online versions of World Development Indicators. 4aE-Business. 4aEnvironment. 4aEnvironmental Economics and Policies. 4aFinance and Financial Sector Development. 4aFinancial Literacy. 4aHealth Monitoring and Evaluation. 4aHealth, Nutrition and Population. 4aPopulation Policies. 4aPrivate Sector Development.2 aWorld Bank.40uhttp://elibrary.worldbank.org/content/book/9780821354223